000 00607nam a2200229Ia 4500
003 OSt
005 20220928122049.0
006 a|||||r|||| 00| 0
007 ta
008 220927b |||||||| |||| 00| 0 eng d
024 _a68819
037 _cTextual
040 _aSDCL
_cSDCL
_beng
041 _2eng
_aeng
082 _aO15,2D40:g, M1
100 _aPathak Vaneshwar
_9447492
245 0 _aKalidas
_bSahitya evam sandharv.
260 _aVaranasi
_bJyoti
_c1981
300 _axiv,141p
_ccm.
942 _hO15,2D40:g, M1
_cTEXL
_2CC
999 _c769460
_d769460